00398nam a2200157Ia 4500008004100000020001800041082001600059100001800075245002800093250000600121260003900127300001600166500002400182650001000206700002400216230524s9999 xx 000 0 und d a9789384588618 a624.15bKHI aR.K.Khitoliya 0aFoundation Engineering a1 aNew Delhib Ik Internationalc2015 a"XIV,586p;" aQuantity Number: 1 aCivil aPardeep Kumar Gupta